[Event "3.RSCO"]
[Site "Rostock"]
[Date "2003.??.??"]
[Round "8"]
[White "Magellan, Mephisto"]
[Black "Star Diamond, Novag"]
[Result "1-0"]
[WhiteElo "2195"]
[BlackElo "2161"]
[Annotator "Völschow,Michael"]
[PlyCount "75"]
[EventDate "2003.??.??"]
[EventRounds "10"]
[EventCountry "GER"]
[SourceDate "2003.03.19"]

1. e4 e5 2. Nf3 Nc6 3. Bb5 a6 4. Ba4 Nf6 5. O-O Nxe4 6. d4 b5 7. Bb3 d5 8. dxe5
Be6 9. c3 Bc5 10. Nbd2 O-O 11. Bc2 Nxf2 $6 12. Rxf2 f6 13. exf6 {*} Bxf2+ 14.
Kxf2 Qxf6 15. Nb3 Ne5 16. Nc5 c6 (16... Bg4 17. Qxd5+ Kh8 18. Qe4 g6 19. Kg3
Nxf3 20. Qxg4 Ng1) 17. Bg5 $2 {Sieht gut aus, verliert aber nur einen Bauern.}
(17. Nxe6) 17... Qxg5 18. Nxe6 Qh4+ {Aber wieder einmal "blitzt" die taktische
Stärke des Star auf.} (18... Rxf3+ $1) 19. Kg1 Nxf3+ 20. gxf3 Rf6 21. Nd4 Re8
22. Qd2 Re5 23. b4 g6 24. a4 Re8 25. axb5 axb5 26. Ra6 Qe1+ {-0,96 Die große
Schwäche des Star tritt erneut zutage. Wieder einmal verschenkt der Star eine
Partie.} (26... Re1+ $11) 27. Qxe1 Rxe1+ {-1,03} 28. Kf2 {+1,5} Rc1 29. Bd3
Rxc3 30. Ke3 Rc1 31. Bxb5 Kg7 32. Bxc6 Rc3+ 33. Kd2 Rc4 34. Kd3 Kh6 35. Ra5
Rxd4+ 36. Kxd4 Rxc6 37. b5 Rf6 38. Ra3 1-0

[Event "3.RSCO"]
[Site "Rostock"]
[Date "2003.??.??"]
[Round "9"]
[White "Star Diamond, Novag"]
[Black "Magellan, Mephisto"]
[Result "1-0"]
[WhiteElo "2161"]
[BlackElo "2195"]
[Annotator "Völschow,Michael"]
[PlyCount "139"]
[EventDate "2003.??.??"]
[EventRounds "10"]
[EventCountry "GER"]
[SourceDate "2003.03.19"]

1. e4 e5 2. Nf3 Nc6 3. Bb5 a6 4. Ba4 Nf6 5. O-O Be7 6. Re1 b5 7. Bb3 O-O 8. c3
d6 9. h3 Nb8 10. d4 Nbd7 11. Nbd2 Bb7 12. Bc2 Re8 13. b4 {*} Bf8 {*} 14. Bb2
exd4 15. cxd4 c6 16. a3 a5 17. Bb3 axb4 18. axb4 Rxa1 19. Bxa1 Nh5 20. e5 d5
21. Bc3 Be7 22. Qc2 Nf4 23. Qf5 Ne6 24. Bc2 Ndf8 25. Nb3 Bc8 26. Qg4 c5 27.
bxc5 Nxc5 28. Qh5 Nxb3 (28... Ne4) 29. Bxb3 Ne6 30. Bd2 {+0,88} Bb7 31. Bc2 g6
32. Qh6 Qb6 33. Be3 (33. Qe3 Ra8 34. Bb3 b4 35. Rd1) 33... Rc8 34. Bb3 b4 35.
Ra1 Rb8 36. Kh1 Qb5 37. Rc1 Ra8 (37... Qd3 38. Bc2 Qa3 39. Bb1 Ba6) 38. Kh2 Ra3
39. Nd2 Qb6 40. Bd1 Rxe3 $6 (40... b3 41. Rb1 b2 42. Bg4 Ba6 43. Bxe6 fxe6 44.
Bg5 Bf8 45. Qh4 Bd3 46. Be7 Ra8) 41. Qxe3 Bg5 42. Qe1 Qxd4 43. Nb3 Qe4 44. Qxe4
dxe4 45. Rc4 Bf4+ 46. g3 Bxe5 47. Rxb4 Bd5 48. Nd2 Nc5 49. Rb5 Bd6 50. Nb3 Bxb3
51. Bxb3 Kg7 52. Bc4 f5 53. Ra5 e3 54. fxe3 Ne4 55. Kg2 Bxg3 56. Bd5 Be1 57.
Ra7+ Kf6 58. Bxe4 fxe4 59. Rxh7 Bc3 60. Kf2 Be5 61. h4 {+0,92} Kf5 62. Kg2 Bf6
63. Kg3 g5 64. h5 Be5+ 65. Kg2 Bb2 66. Rc7 Bf6 67. h6 Kg6 68. Rc6 Kf5 69. h7
Be5 70. Rc5 1-0

[Event "3.RSCO"]
[Site "Rostock"]
[Date "2003.??.??"]
[Round "10"]
[White "Magellan, Mephisto"]
[Black "Star Diamond, Novag"]
[Result "1-0"]
[WhiteElo "2195"]
[BlackElo "2161"]
[Annotator "Völschow,Michael"]
[PlyCount "81"]
[EventDate "2003.??.??"]
[EventRounds "10"]
[EventCountry "GER"]
[SourceDate "2003.03.19"]

1. d4 Nf6 2. Nf3 d5 3. Bf4 c5 4. c3 {*} Qb6 5. Qb3 Nc6 {*} 6. Qxb6 axb6 7. e3
Bf5 8. Nbd2 O-O-O 9. Bb5 Nh5 10. Bxc6 bxc6 11. Ne5 Bg6 12. dxc5 bxc5 13. Nxc6
Nxf4 14. exf4 Re8 15. Ne5 e6 16. h4 f6 17. Nxg6 hxg6 18. Ke2 Kd7 19. g3 Bd6 20.
b3 e5 21. fxe5 Rxe5+ 22. Kd3 Rhe8 23. c4 d4 24. Rhf1 Bc7 25. a3 Ba5 26. b4 cxb4
27. Nf3 (27. axb4 Bxb4 28. Ra7+ Kc8 29. Rfa1 Bxd2 30. Kxd2 R5e7 31. Kd3 Kb8 32.
Rxe7 Rxe7 33. Kxd4) 27... R5e7 28. Nxd4 bxa3 29. Rxa3 Bb4 30. Ra6 Bc5 31. Nb3
Bb4 32. c5 Kc8 33. Rfa1 Kd7 34. Rb6 Be1 35. Nd4 Re5 36. Ra7+ Kc8 37. Ra8+ Kc7
38. Nb5+ Kd7 39. Ra7+ Kc8 40. Nd6+ Kd8 41. Rb8# 1-0

[Event "3.RSCO"]
[Site "Rostock"]
[Date "2003.??.??"]
[Round "1"]
[White "Star Diamond, Novag"]
[Black "Montreux, Mephisto"]
[Result "0-1"]
[WhiteElo "2161"]
[BlackElo "2254"]
[Annotator "Völschow,Michael"]
[PlyCount "67"]
[EventDate "2003.??.??"]
[EventRounds "10"]
[EventCountry "GER"]
[SourceDate "2003.03.19"]

1. e4 e6 2. d4 d5 3. Nd2 Nf6 4. e5 Nfd7 5. Bd3 c5 6. c3 Nc6 7. Ne2 cxd4 8. cxd4
f6 9. exf6 Nxf6 10. O-O Bd6 11. Nf3 Qb6 12. Nc3 {*} O-O {*} 13. Nb5 Bb8 14. Re1
Bd7 15. Nc3 Bd6 16. Bb1 Rae8 17. Qd3 Nb4 18. Qe2 Nc6 19. Be3 Qa5 20. Bd2 e5 21.
Nb5 Bb4 22. Bxb4 Qxb4 23. a3 Qa5 24. b4 Qb6 25. dxe5 Bg4 26. Qf1 Bxf3 27. exf6
Ne5 28. fxg7 Kxg7 29. Rxe5 $2 {+1,38} (29. Re3 d4 30. Rxf3 Nxf3+ 31. gxf3 a6
32. Bxh7 Qxb5 33. Qxb5 axb5 34. Be4) 29... Rxe5 30. gxf3 {+0,53} Qf6 {+0,78}
31. Qc1 Kh8 32. Bxh7 Kxh7 33. Qd1 {-1,65} Rg8+ 34. Kf1 {Mit gleichzeitiger
Aufgabe.} 0-1

[Event "3.RSCO"]
[Site "Rostock"]
[Date "2003.??.??"]
[Round "2"]
[White "Montreux, Mephisto"]
[Black "Star Diamond, Novag"]
[Result "1-0"]
[WhiteElo "2254"]
[BlackElo "2161"]
[Annotator "Völschow,Michael"]
[PlyCount "67"]
[EventDate "2003.??.??"]
[EventRounds "10"]
[EventCountry "GER"]
[SourceDate "2003.03.19"]

1. d4 {*} b5 $6 2. e4 Bb7 3. Bxb5 Bxe4 4. Nf3 e6 {*} 5. Nc3 Bc6 6. O-O Bxb5 7.
Nxb5 Nf6 8. c4 c6 9. Nc3 d6 10. Bf4 Nbd7 11. Re1 Be7 12. Qe2 O-O 13. Rad1 Qb6
14. Ng5 d5 (14... Qb4) 15. c5 Qb7 16. Bg3 h6 17. Nf3 Nh5 18. Be5 Nxe5 19. Nxe5
Nf4 (19... Nf6) 20. Qg4 Qxb2 21. Nxc6 Bg5 22. Qf3 Rfc8 23. Ne5 f6 24. Nd7 Rd8
$2 (24... Rc7) 25. c6 {+1,18} Rac8 26. h4 Rxc6 {-1,03} 27. Nc5 Nxg2 $6 (27...
Bxh4 28. Qxf4 Bxf2+ 29. Qxf2 Qxc3) 28. Kxg2 Bxh4 29. Rxe6 {+2,77} Rxe6 30. Nxe6
Rc8 31. Nxd5 Rc2 32. Rf1 Rd2 33. Ndf4 Qb8 34. Ng6 {+5,72} 1-0

[Event "3.RSCO"]
[Site "Rostock"]
[Date "2003.??.??"]
[Round "3"]
[White "Star Diamond, Novag"]
[Black "Montreux, Mephisto"]
[Result "1-0"]
[WhiteElo "2161"]
[BlackElo "2254"]
[Annotator "Völschow,Michael"]
[PlyCount "139"]
[EventDate "2003.??.??"]
[EventRounds "10"]
[EventCountry "GER"]
[SourceDate "2003.03.19"]

1. d4 Nf6 2. c4 e6 3. Nf3 Bb4+ 4. Bd2 Qe7 5. g3 O-O 6. Bg2 Bxd2+ {*} 7. Nbxd2 {
*} c5 8. Qa4 Nc6 9. dxc5 Qxc5 10. Nb3 Qf5 11. O-O-O d5 12. cxd5 exd5 13. Qf4
Qxf4+ 14. gxf4 Bf5 15. Nfd4 Nxd4 16. Nxd4 Rac8+ 17. Kd2 Bd7 18. Rc1 Ne4+ 19.
Ke3 Rfe8 20. Rxc8 Rxc8 21. Bxe4 Re8 22. f3 f5 23. Rc1 dxe4 24. Rc7 exf3+ 25.
Kxf3 Bc8 26. h4 {+0,50} a6 27. h5 b5 28. e3 Be6 29. Ra7 Bc8 30. Kf2 Rd8 31. Nc6
Re8 32. Nb4 Rd8 33. Ke1 Re8 34. Ke2 Be6 35. Rxa6 Bf7 36. h6 {+1,11} gxh6 37.
Rxh6 Be6 38. Rh1 Kg7 39. Rc1 h5 40. Rc7+ Kg6 41. Rc6 h4 42. Kf3 h3 43. Kg3 Rh8
44. Kh2 Kf7 45. Rc5 Bd7 46. Nd5 Rh6 47. b4 Ke8 48. Nc7+ Kd8 49. a3 Rb6 50. Kxh3
Rb7 51. Nd5 Ra7 52. Rc3 (52. Nf6 Be6 53. Rxb5 Ke7 54. Nh7 Rxa3 55. Re5 Kd6 56.
Ng5 Bd5 57. Kh4 Rb3 58. Rxf5 Rxe3 59. Rf6+ Kc7 60. f5) 52... Be6 53. Nf6 Rf7
54. Rd3+ Ke7 55. Nd5+ Kd6 56. Nc3+ Kc6 57. Kg3 Rh7 58. Ne2 Bd7 59. Rc3+ Kb6 60.
Nd4 Rg7+ 61. Kf3 Rg8 62. Rc5 Rf8 63. Rd5 Bc6 64. Nxc6 Kxc6 65. Rc5+ Kb6 66. e4
{+2,69} fxe4+ 67. Kxe4 Ra8 68. f5 (68. Rc3) 68... Rxa3 69. f6 Ra8 70. Kf5 1-0

[Event "3.RSCO"]
[Site "Rostock"]
[Date "2003.??.??"]
[Round "4"]
[White "Montreux, Mephisto"]
[Black "Star Diamond, Novag"]
[Result "0-1"]
[WhiteElo "2254"]
[BlackElo "2161"]
[Annotator "Völschow,Michael"]
[PlyCount "52"]
[EventDate "2003.??.??"]
[EventRounds "10"]
[EventCountry "GER"]
[SourceDate "2003.03.19"]

1. e4 e5 2. Nc3 Nf6 3. f4 d5 4. fxe5 Nxe4 5. Nf3 Be7 6. Qe2 Nxc3 7. dxc3 O-O 8.
Bf4 c5 9. O-O-O Qa5 10. Kb1 {*} Nc6 11. Qb5 Be6 {*} 12. Qxb7 $6 {Das gerade
das Angriffstalent Montreux, dem Star so eine Chance zum Angriff bietet,
verwundert schon. Der Star läßt sich nicht lange bitten.} (12. Qxa5 Nxa5 13.
Ng5 Bxg5 14. Bxg5 Nc6) 12... Rab8 13. Qa6 Qxc3 14. Bc1 {-1,21} Nxe5 (14... c4
$1 15. Qxc6 Ba3 16. b3 Bxc1 17. Rxc1 Bf5 18. Bd3 Rfc8 $19) 15. Bb5 Qb4 16. a4
Nc4 {+1,11} 17. Bxc4 dxc4 18. Ne5 Bf6 (18... c3) 19. Rhe1 Qc3 20. Re3 Rxb2+ 21.
Bxb2 Qxe3 22. Qd6 Re8 23. Nc6 Bf5 {+3,73} 24. Qg3 Qe4 25. Ne7+ Qxe7 26. Bxf6 {
-7,26} Qxf6 {+6,38} 0-1

[Event "3.RSCO"]
[Site "Rostock"]
[Date "2003.??.??"]
[Round "5"]
[White "Star Diamond, Novag"]
[Black "Montreux, Mephisto"]
[Result "0-1"]
[WhiteElo "2161"]
[BlackElo "2254"]
[Annotator "Völschow,Michael"]
[PlyCount "70"]
[EventDate "2003.??.??"]
[EventRounds "10"]
[EventCountry "GER"]
[SourceDate "2003.03.19"]

1. e4 e5 2. Nf3 Nc6 3. Bb5 Bc5 4. c3 Nf6 5. d4 exd4 6. e5 Ne4 7. Qe2 d5 8. exd6
Bf5 9. Nxd4 Bxd4 10. Bxc6+ bxc6 {*} 11. cxd4 O-O 12. dxc7 Qxc7 13. O-O Nf6 14.
Be3 Rae8 15. Nc3 Ng4 16. g3 Qd6 17. Rfe1 Qg6 18. Qa6 $2 (18. Qf3) 18... Qh5 {
+1,55} 19. h4 {-0,57} Nxe3 20. Rxe3 Rxe3 21. fxe3 Qf3 22. Qf1 Qxg3+ 23. Qg2
Qxe3+ 24. Qf2 Qh3 25. Re1 Qg4+ 26. Kh1 Be6 27. Rg1 Qh3+ 28. Qh2 Qf3+ 29. Qg2
Qf6 30. Qe4 h5 31. Kg2 Rd8 32. Rd1 Bg4 33. Re1 Rxd4 34. Qe8+ Kh7 35. Qe3 Be6 {
+7,48 und der König ist schutzlos den Angriffen von Schwarz ausgesetzt.} 0-1

[Event "3.RSCO"]
[Site "Rostock"]
[Date "2003.??.??"]
[Round "6"]
[White "Montreux, Mephisto"]
[Black "Star Diamond, Novag"]
[Result "1-0"]
[WhiteElo "2254"]
[BlackElo "2161"]
[Annotator "Völschow,Michael"]
[PlyCount "71"]
[EventDate "2003.??.??"]
[EventRounds "10"]
[EventCountry "GER"]
[SourceDate "2003.03.19"]

1. d4 d5 2. c4 dxc4 3. Nf3 Nf6 4. Nc3 c6 5. e4 b5 6. e5 Nd5 7. a4 e6 8. axb5
Nxc3 9. bxc3 cxb5 10. Ng5 Bb7 11. Qh5 g6 12. Qg4 Be7 {*} 13. Be2 {*} h5 $6 {
Typisch für den Star. Einfach nur abzuwarten liegt ihm einfach nicht. Er sucht
permanent das aktive Spiel, leider häufig gepaart mit vielen Fehlern.} 14. Qg3
h4 15. Qg4 Qb6 16. Qf4 Bxg5 17. Qxg5 h3 18. Bf3 Bxf3 19. Qf6 Rh7 20. Ba3 Qc7 (
20... Nc6) 21. gxf3 Nc6 22. Bd6 Qd8 23. Qf4 Qh4 24. Qd2 Qh6 25. Ra6 Rc8 26. Qb2
(26. Qxh6 Rxh6 27. Ke2 $11) 26... f6 27. Ke2 Rb7 28. exf6 Kf7 29. Rg1 Kxf6 30.
Qb1 Kf7 $2 (30... b4 31. Qe4 Rb6 32. Rxb6 axb6 33. cxb4 b5) 31. Qe4 Rb6 32.
Rxb6 axb6 33. Rg4 Nd8 34. Rh4 Qg5 35. d5 $1 {+2,48} e5 $2 {-1,96} 36. Bxe5 {+7,
61} 1-0

[Event "3.RSCO"]
[Site "Rostock"]
[Date "2003.??.??"]
[Round "7"]
[White "Star Diamond, Novag"]
[Black "Montreux, Mephisto"]
[Result "1/2-1/2"]
[WhiteElo "2161"]
[BlackElo "2254"]
[Annotator "Völschow,Michael"]
[PlyCount "155"]
[EventDate "2003.??.??"]
[EventRounds "10"]
[EventCountry "GER"]
[SourceDate "2003.03.19"]

1. c4 c6 2. e4 d5 3. exd5 Nf6 4. d4 cxd5 5. Nc3 g6 6. Qb3 Bg7 7. cxd5 O-O 8.
Be2 Nbd7 9. Bf3 Nb6 {*} 10. Bg5 Bf5 11. Rd1 {*} Rc8 12. Nge2 Qd7 13. h3 h5 14.
Ng3 Rfd8 15. d6 exd6 16. Bxf6 Bxf6 17. Nxf5 Qxf5 18. Bxb7 Re8+ 19. Kf1 Rc4 20.
Qb5 Qxb5 21. Nxb5 Re7 (21... Rc2 22. Nc3 Rxb2 23. g3 Nc4 24. Ne4 Rxe4 $1 25.
Bxe4 Nd2+ 26. Rxd2 Rxd2 27. d5 Rxa2 $19) 22. b3 Rc2 23. Bf3 d5 24. a4 a6 25. a5
Nc8 26. Na3 Ra2 27. Nb1 Rc7 28. Bxd5 Bxd4 29. Nd2 Rcc2 30. Ne4 Nd6 31. Kg1
Bxf2+ 32. Nxf2 Rxf2 33. b4 Rab2 34. Bf3 Nf5 35. Rh2 Ng3 $2 (35... Ne3 $17) 36.
b5 $1 {0,00} axb5 37. a6 Ra2 38. a7 Rfb2 39. a8=Q+ Rxa8 {-0,64} 40. Bxa8 {+1,19
} Ne2+ 41. Kf2 Nc3+ 42. Ke1 Nxd1 43. Kxd1 b4 44. Bd5 h4 45. Kc1 Rf2 46. Rh1 Kg7
47. Re1 f5 48. Re6 Rf4 49. Kc2 Rd4 50. Bb7 g5 51. Re5 Kf6 52. Rd5 Rxd5 53. Bxd5
g4 54. Bb7 gxh3 55. gxh3 Kg7 56. Kb3 f4 {-0,12} 57. Kxb4 {+3,76} f3 58. Bxf3
Kh8 {-0,12} 59. Kc5 Kg7 60. Kd6 {+4,96 Der Star hat keine Ahnung das die
Stellung Remis ist. Wollen doch mal sehen, ab wann der Star das Remis erkennt.}
Kh8 61. Ke7 {+5,69 Ah ja, wann wird wohl noch ein Matt angezeigt?} Kg7 62. Be4
Kh8 {Interessant ist in diesem Zusammenhang, dass selbst Programme wie
Shredder 7.04 und Chess Tiger eine Bewertung von +4,45 anzeigen.} 63. Kf6 Kg8
64. Kg5 {+6,61} Kg7 65. Bg6 Kh8 66. Kxh4 {+8,42 Wo zum Teufel sieht der Star
blos den Gewinn?} Kg7 67. Kh5 Kh8 68. Kg4 Kg7 69. Kg5 Kh8 70. h4 Kg7 71. Bf5
Kh8 72. Kg6 Kg8 73. h5 Kh8 74. h6 Kg8 75. Kf6 Kh8 76. Kg5 Kg8 77. Kg6 Kh8 78.
Kf6 {Ok es reicht.} 1/2-1/2

[Event "3.RSCO"]
[Site "Rostock"]
[Date "2003.??.??"]
[Round "8"]
[White "Montreux, Mephisto"]
[Black "Star Diamond, Novag"]
[Result "1-0"]
[WhiteElo "2254"]
[BlackElo "2161"]
[Annotator "Völschow,Michael"]
[PlyCount "85"]
[EventDate "2003.??.??"]
[EventRounds "10"]
[EventCountry "GER"]
[SourceDate "2003.03.19"]

1. e4 c5 2. b4 $6 cxb4 3. Bb2 Nf6 4. e5 Nd5 {*} 5. Bc4 Nb6 6. Bb3 {*} Nc6 7.
Qh5 g6 8. Qf3 e6 9. a3 Bg7 10. Qe2 Qg5 11. Nf3 Qxg2 12. Rg1 Qh3 13. axb4 d6 14.
b5 Nxe5 15. Nxe5 dxe5 16. Bxe5 O-O 17. Nc3 Rd8 18. O-O-O Bxe5 19. Qxe5 Qf5 20.
Qxf5 exf5 21. Rde1 Kf8 22. Rg3 f4 23. Rf3 g5 24. Rg1 h6 25. h4 f6 26. Ne4 f5
27. Nc5 Rd6 28. hxg5 Rg6 29. Rxf4 Rxg5 30. Rh1 Rg6 31. Rd4 Rg2 32. Rxh6 {+2,33}
Kg7 33. Rdd6 Rg4 34. f3 Rg1+ 35. Kb2 Nd7 36. Nxd7 Bxd7 37. Rhf6 Be8 38. Rxf5
Rb8 39. Be6 a5 40. bxa6 bxa6+ 41. Kc3 Ra1 42. Bc4 a5 43. Rg5+ {und der Star
gab auf} 1-0

[Event "3.RSCO"]
[Site "Rostock"]
[Date "2003.??.??"]
[Round "9"]
[White "Star Diamond, Novag"]
[Black "Montreux, Mephisto"]
[Result "1/2-1/2"]
[WhiteElo "2161"]
[BlackElo "2254"]
[Annotator "Völschow,Michael"]
[PlyCount "87"]
[EventDate "2003.??.??"]
[EventRounds "10"]
[EventCountry "GER"]
[SourceDate "2003.03.19"]

1. e4 c5 2. Nf3 Nc6 3. d4 cxd4 4. Nxd4 Nf6 5. Nc3 d6 6. Bg5 e6 7. Qd2 Be7 8.
O-O-O O-O 9. Nb3 a6 {*} 10. h4 {*} Qc7 (10... b5 11. Bxf6 gxf6 12. g4 b4 13.
Ne2 a5 14. Ned4 Bb7 15. Nxc6 Bxc6 16. Nd4 Bb7 17. g5 f5 18. Rg1 Bxe4 19. g6
hxg6 20. Nxe6 fxe6 21. Qh6 Rf6 22. Rxg6+ Rxg6) 11. Bxf6 Bxf6 12. Qxd6 Qxd6 13.
Rxd6 Be5 14. Rd3 b6 15. Be2 Bb7 16. Kb1 Rfd8 17. Rhd1 Rxd3 18. cxd3 (18. Rxd3)
18... Bf6 19. h5 (19. d4) 19... Nd4 20. Nxd4 b5 21. Kc2 Rc8 22. Kb3 Bxd4 23. f4
Rb8 24. Bf3 Be3 25. Ne2 Rc8 26. d4 {+1,07} a5 27. Rd3 Bf2 28. Rc3 a4+ 29. Ka3
b4+ $6 {-0,27 Gewinnt zwar die Qualität, dies aber auf Kosten des Läuferpaares
und einiger Freibauern.} 30. Kxb4 {+1,30} Be1 31. Kxa4 Bxc3 32. bxc3 Ba6 33. d5
(33. Kb4) 33... Bxe2 34. Bxe2 exd5 35. exd5 Rxc3 36. Kb5 Rc2 37. Bf3 {Jetzt
wird es sehr schwer, diese Partie noch zu gewinnen.} (37. Bc4) 37... Rxa2 38.
d6 Rd2 39. Kc6 f5 40. Kc7 Kf7 41. Bc6 Kf6 42. Ba4 Rd4 43. Bb5 Kf7 44. Ba6
1/2-1/2

[Event "3.RSCO"]
[Site "Rostock"]
[Date "2003.??.??"]
[Round "10"]
[White "Montreux, Mephisto"]
[Black "Star Diamond, Novag"]
[Result "1-0"]
[WhiteElo "2254"]
[BlackElo "2161"]
[Annotator "Völschow,Michael"]
[PlyCount "81"]
[EventDate "2003.??.??"]
[EventRounds "10"]
[EventCountry "GER"]
[SourceDate "2003.03.19"]

1. e4 e5 2. f4 exf4 3. Nf3 g5 4. Nc3 g4 5. Ne5 Qh4+ 6. g3 fxg3 7. Qxg4 Qxg4 8.
Nxg4 d5 9. Bh3 dxe4 10. Nf6+ Kd8 11. Bxc8 Kxc8 12. Nfxe4 {*} gxh2 {*} 13. Rxh2
Nc6 14. Rf2 Nh6 15. d3 Rg8 16. Ne2 f5 17. Bxh6 Bxh6 18. Rxf5 Rg2 19. Rf2 Rxf2
20. Kxf2 Bg7 21. c3 Kd7 22. Nc5+ Ke7 23. Rh1 h6 24. Nf4 Rf8 25. Ke3 Re8 26. Kd2
Nd8 27. Nh5 Bh8 28. Re1+ Kf7 29. Rf1+ Ke7 30. Ng3 Kd6 31. d4 Kc6 32. Nge4 Rg8 (
32... b6 33. Nf6 Re7 34. Nd3 Nf7 35. Ng4 Kb7) 33. Rf5 Rg2+ $2 (33... Kb6 34. a4
a6 35. b4 Ka7) 34. Kd3 Rg8 35. d5+ {+1,81} Kb6 36. Nd7+ Kb5 {-1,96} 37. Nec5
Rg3+ 38. Kc2 Rg2+ 39. Kb3 b6 40. a4+ Ka5 41. d6 $1 1-0

[Event "3.RSCO"]
[Site "Rostock"]
[Date "2003.??.??"]
[Round "1"]
[White "Star Diamond, Novag"]
[Black "Berlin Pro, Mephisto"]
[Result "0-1"]
[WhiteElo "2161"]
[BlackElo "2254"]
[Annotator "Völschow,Michael"]
[PlyCount "114"]
[EventDate "2003.??.??"]
[EventRounds "10"]
[EventCountry "GER"]
[SourceDate "2003.03.19"]

1. d4 Nf6 2. c4 e6 3. Nf3 b6 4. a3 Bb7 5. Nc3 d5 6. cxd5 Nxd5 7. Qc2 Nxc3 8.
bxc3 c5 9. e4 Nc6 10. Bb2 Be7 11. Rd1 cxd4 12. cxd4 O-O 13. Bd3 Rc8 14. Qe2 Na5
15. O-O Bf6 {*} 16. Rfe1 {*} Qe7 17. e5 Bg5 18. Nxg5 Qxg5 19. g3 Qd8 20. Qh5 h6
21. Qg4 Qe7 22. f4 Nc4 23. f5 exf5 $6 (23... f6 24. exf6 Rxf6 25. Bc1 Qd6 26.
a4 Qb4 27. Rxe6 Rxe6 28. fxe6 Ne5) 24. Qxf5 g6 25. Qf2 Nxb2 26. Qxb2 Rfd8 27.
Be4 Rc4 28. Bxb7 Qxb7 29. Qf2 Rc3 30. Qd2 (30. Qf6 Qd5 31. e6 Rf3 32. exf7+ Kh7
33. f8=Q Rxf8 34. Re7+ Rf7 35. Rxf7+ Qxf7 36. Qxf7+ Rxf7) 30... Rxa3 {+0,42}
31. Qxh6 Ra2 32. Rd2 Rxd2 33. Qxd2 Qd5 34. Rd1 a5 35. Kf2 Rc8 {+0,66} 36. Qb2
b5 37. Ke3 f6 38. Rd3 b4 39. Qb3 {-0,65} Qxb3 40. Rxb3 fxe5 41. dxe5 Rb8 {+1,75
} 42. Kd3 a4 43. Rb1 a3 (43... Kf7) 44. Kc2 a2 45. Rf1 b3+ 46. Kb2 Rf8 47. Re1
Rf3 48. e6 Kf8 49. e7+ Ke8 {+2,63} 50. g4 g5 51. Ka3 Re3 52. Rd1 Kxe7 53. Kb2
Ke6 54. Rc1 Kd5 55. h4 gxh4 56. g5 Ke5 57. Rf1 h3 0-1

[Event "3.RSCO"]
[Site "Rostock"]
[Date "2003.??.??"]
[Round "2"]
[White "Berlin Pro, Mephisto"]
[Black "Star Diamond, Novag"]
[Result "1-0"]
[WhiteElo "2254"]
[BlackElo "2161"]
[Annotator "Völschow,Michael"]
[PlyCount "193"]
[EventDate "2003.??.??"]
[EventRounds "10"]
[EventCountry "GER"]
[SourceDate "2003.03.19"]

1. e4 d6 2. d4 Nf6 3. Nc3 g6 4. Nf3 Bg7 5. Be2 O-O 6. O-O Bg4 7. Be3 Nc6 8. Qd2
e5 9. d5 Ne7 10. Rad1 Bd7 11. Ne1 b5 {*} 12. f3 {*} b4 13. Nb1 Qb8 14. Ba6 Bb5
15. Bxb5 Qxb5 16. b3 a5 17. c4 Qa6 18. c5 Nd7 19. Rc1 (19. c6 Nb6 20. Nd3 f5
21. a3 bxa3 22. Nxa3 a4 23. Nb4 Qa5 24. bxa4 Nxa4 25. Nac2 fxe4 26. fxe4 Rxf1+
27. Rxf1 Nc5 28. Qf2 Rf8 29. Qh4) 19... Rfc8 (19... Nxc5) 20. c6 Nf6 21. Nd3
Rcb8 {-0,84} 22. Rc4 {+0,84} Nc8 23. Rfc1 Kf8 24. Nb2 Kg8 25. R4c2 Na7 26. Nd3
Kh8 27. Nf2 Nb5 28. Rc4 Ng8 29. Nh3 Ne7 30. Qf2 Re8 31. Qh4 Kg8 32. Ng5 h6 33.
Nh3 Nd4 34. Re1 Nc8 35. Bxd4 exd4 36. Qf4 {+0,03} Nb6 37. Rcc1 Re7 38. Qd2 Rae8
39. Nf4 Bf6 40. Qf2 Be5 41. Nh3 Kg7 (41... f5) 42. Kh1 a4 43. Qd2 Qb5 44. Nf2
f5 45. Rcd1 Bf6 46. Kg1 Kh7 47. Kh1 fxe4 48. fxe4 Bg7 49. Rc1 Bf6 50. Rcd1 axb3
51. axb3 Bg7 52. Rf1 $2 (52. Kg1) 52... Rxe4 $1 53. Nxe4 Rxe4 {+1,07} 54. Rf7
Nxd5 55. Rc1 Kh8 56. Qc2 Qe2 57. Qd2 Kg8 58. Rf2 Qe3 59. Rf3 Qxd2 60. Nxd2 Re2
61. Nf1 Ne3 62. Nxe3 Rxe3 $2 (62... dxe3 $19) 63. h3 $2 {Ui, der
Endspielspezialist übersieht den Fehlzug und läßt dem Star die Gewinnchance.} (
63. Rxe3 dxe3 64. Kg1 Kf7 65. Kf1 d5 66. Ke2 Bf6 67. Rc5 d4 68. Kd3 Ke6) 63...
Rc3 64. Rd1 Rxc6 65. Re1 Be5 66. Ref1 g5 67. Rf8+ Kg7 68. Rb8 d3 69. Rxb4 d2
70. Rc4 Rxc4 71. bxc4 Bc3 72. Kh2 c6 73. Kg3 Bb4 74. Kf3 Kf6 75. Ke4+ Ke6 76.
g4 d5+ 77. cxd5+ cxd5+ 78. Kd3 Ke5 79. Ke2 d4 80. Rb1 Bc3 81. Rb6 Kf4 82. Rxh6
Kg3 83. Kd1 Kf3 84. Rg6 Kf4 85. Rg7 Bb4 86. Rb7 Bc3 87. Rb5 Kg3 88. Rxg5 Kxh3
89. Rg8 Kh4 90. Rg7 Kg3 91. Rg6 Kf4 92. Rg8 Kf3 93. Kc2 Ke4 94. Rf8 Ke5 95. Rf7
Bb4 96. g5 d3+ {-3,57} 97. Kd1 {+3,54} 1-0

[Event "3.RSCO"]
[Site "Rostock"]
[Date "2003.??.??"]
[Round "3"]
[White "Star Diamond, Novag"]
[Black "Berlin Pro, Mephisto"]
[Result "1/2-1/2"]
[WhiteElo "2161"]
[BlackElo "2254"]
[Annotator "Völschow,Michael"]
[PlyCount "153"]
[EventDate "2003.??.??"]
[EventRounds "10"]
[EventCountry "GER"]
[SourceDate "2003.03.19"]

1. Nf3 Nf6 2. g3 b6 3. Bg2 Bb7 4. O-O c5 5. d3 e6 6. e4 d6 7. Nc3 {*} Be7 {*}
8. e5 dxe5 9. Nxe5 Bxg2 10. Kxg2 O-O 11. Qf3 Na6 12. Nc6 Qd7 13. Nxe7+ Qxe7 14.
Bg5 Nc7 15. Bxf6 Qxf6 16. Qxf6 gxf6 17. Rfe1 Rfd8 18. Re4 Nd5 19. Nxd5 Rxd5 20.
Kf3 Rad8 21. Rae1 a5 22. h4 f5 23. Re5 Rxe5 24. Rxe5 a4 25. Re1 Kg7 26. Ke3 Kf6
27. h5 Kg5 28. Rh1 Rd4 29. f4+ Kh6 30. Rh2 Rd8 31. Rh3 a3 32. bxa3 Ra8 33. c4
Rxa3 34. Rh2 f6 35. Rb2 Ra6 36. a4 Kxh5 37. Rh2+ Kg6 38. Rb2 h5 39. Rb1 Kf7 40.
Rh1 Rxa4 41. Rxh5 Kg7 42. Rh1 e5 43. Rb1 Rb4 44. Rg1 Rb3 45. g4 exf4+ 46. Kxf4
fxg4 47. Rxg4+ Kf7 48. Ke4 Rb1 49. Rg3 Ke6 50. Kf4 Rf1+ 51. Ke3 Ke5 52. Rg8 Rb1
53. Re8+ Kf5 54. Kd2 Kg4 55. Kc2 Rb4 56. Kc3 f5 57. Rg8+ Kf3 58. d4 Rb1 59. d5
Rc1+ 60. Kb3 f4 61. Rg6 (61. d6) 61... Ke4 {+1,18} 62. Rf6 f3 63. d6 Rd1 64.
Ka4 Ke3 65. Re6+ Kd4 66. Kb5 Rb1+ 67. Kc6 f2 68. d7 f1=Q 69. d8=Q+ Kxc4 70.
Qd5+ Kc3 $2 {+1,15 Der Berlin greift wieder einmal fehl in einem einfachen
Endspiel.} 71. Qe5+ {Genau wie der Star.} (71. Re3+ Kc2 72. Rf3 Qb5+ 73. Kc7
Rb2 74. Rg3 Qf1 75. Qe4+ Kd1 76. Qg4+ Kc1 77. Rg1 Qxg1 78. Qxg1+ Kd2 79. Kd6)
71... Kb3 72. Kxb6 Kc4+ $11 73. Kc6 Qf3+ 74. Qe4+ Qxe4+ 75. Rxe4+ Kd3 {+0,09}
76. Rg4 c4 77. Kc5 {0,00} 1/2-1/2

[Event "3.RSCO"]
[Site "Rostock"]
[Date "2003.??.??"]
[Round "4"]
[White "Berlin Pro, Mephisto"]
[Black "Star Diamond, Novag"]
[Result "1-0"]
[WhiteElo "2254"]
[BlackElo "2161"]
[Annotator "Völschow,Michael"]
[PlyCount "87"]
[EventDate "2003.??.??"]
[EventRounds "10"]
[EventCountry "GER"]
[SourceDate "2003.03.19"]

1. e4 e5 2. Nf3 Nc6 3. Bb5 a6 4. Ba4 Nf6 5. O-O Nxe4 6. d4 b5 7. Bb3 d5 8. dxe5
Be6 9. Nbd2 Nc5 10. c3 Be7 11. Bc2 {*} Bg4 12. Re1 Qd7 {*} 13. Nf1 O-O-O 14. h3
Bf5 15. Bxf5 Qxf5 16. Nd4 Nxd4 17. cxd4 Nd3 18. Re2 Kb8 19. Be3 g5 20. a4 Nb4
$2 (20... b4) 21. axb5 {+1,51} axb5 22. Ra5 Kc8 23. Rxb5 Qd3 24. Qxd3 Nxd3 25.
Rb3 Nf4 26. Bxf4 gxf4 27. Rf3 Bg5 28. Rc2 Kd7 29. h4 Bh6 30. g4 Ra8 31. g5 Bg7
32. Rxf4 Rhf8 33. Ne3 c6 34. Nf5 Bh8 35. Nh6 Bg7 36. Nxf7 Ra6 37. h5 Ke7 38. g6
hxg6 39. hxg6 c5 40. Rxc5 Rxg6+ 41. Kf1 Ra8 42. Rc7+ Ke8 43. Nd6+ Kd8 44. Rff7
1-0